|
|
|
|
| LEADER |
01087nam a22002297a 4500 |
| 001 |
37917 |
| 003 |
BD-DhAAL |
| 008 |
220307s2001 bg ||||| |||| 00| 0 ben d |
| 999 |
|
|
|c 43678
|d 43678
|
| 040 |
|
|
|a BD-DhAAL
|
| 041 |
|
|
|a ben
|
| 082 |
|
|
|a 954.9205
|
| 100 |
|
|
|a ডালিম, শরিফুল হক
|9 46479
|
| 245 |
|
|
|a যা দেখেছি, যা বুঝেছি, যা করেছি /
|c শরিফুল হক ডালিম
|
| 260 |
|
|
|a ঢাকা :
|b নবজাগরণ প্রকাশনী,
|c ২০০১.
|
| 300 |
|
|
|a ৫৪৭ পৃষ্ঠা ;
|c ২১ সে.মি.
|
| 541 |
|
|
|a Donated by Akbar Ali Khan
|e 37917
|
| 651 |
|
|
|a Bangladesh
|x History
|y Revolution, 1971.
|9 46480
|
| 651 |
|
|
|a বাংলাদেশ
|x ইতিহাস
|y মুক্তিযুদ্ধ, ১৯৭১.
|9 46481
|
| 852 |
|
|
|a Ayesha Abed Library
|c Akbar Ali Khan Collection
|
| 942 |
|
|
|2 ddc
|c BK
|
| 952 |
|
|
|0 0
|1 0
|2 ddc
|4 0
|6 954_920500000000000_DAL
|7 1
|9 70013
|a BRACUL
|b BRACUL
|c AAKC
|d 2022-03-07
|e Donated by Akbar Ali Khan
|l 0
|o 954.9205 DAL
|p 3010037917
|r 2024-09-14
|t 1
|w 2022-03-07
|y BK
|